Holiday Quiz

Random Holiday or Halloween Quiz

Holidays by Cushion Quiz Stats

Quiz Updated Dec 13, 2017

Challenge
Share
Tweet
Score 0/20 Timer 05:00
1 Play Today
Hint Answer % Correct
Easter
99.8%
Halloween
96.2%
Valentine's Day
95.5%
St. Patrick's Day
95%
Christmas
94.8%
US Independence Day
94.6%
Earth Day
94.1%
Thanksgiving
92.6%
Pi Day
87.1%
Canada Day
85.7%
Hint Answer % Correct
Martin Luther King Day
85%
Presidents' Day
83.3%
Día de los Muertos
80.9%
Hanukkah
78%
Chinese New Year
76.8%
Mardi Gras
68.4%
Bastille Day
66%
Bonfire Night
57.6%
Kwanzaa
53.6%
New Year's Day
38.5%

You're not logged in!

Compare scores with friends on all Sporcle quizzes.
Sign Up with Email
OR
Log In

You Might Also Like...

Show Comments

Extras

Top Quizzes Today


Score Distribution

Your Account Isn't Verified!

In order to create a playlist on Sporcle, you need to verify the email address you used during registration. Go to your Sporcle Settings to finish the process.